NBA Defensive Player of The Year - Statistics

General Stats
  • This quiz has been taken 37 times
    11 since last reset
  • The average score is 27 of 41
Answer Stats
Year Team Player % Correct
2020 Bucks Giannis Antetokounmpo
100%
2023 Grizzlies Jaren Jackson Jr
100%
2006 Pistons Ben Wallace
88%
2005 Pistons Ben Wallace
88%
2003 Pistons Ben Wallace
88%
2002 Pistons Ben Wallace
88%
2017 Warriors Draymond Green
88%
2016 Spurs Kawhi Leonard
88%
2015 Spurs Kawhi Leonard
88%
2022 Celtics Marcus Smart
88%
2021 Jazz Rudy Gobert
88%
2019 Jazz Rudy Gobert
88%
2018 Jazz Rudy Gobert
88%
2001 76ers Dikembe Mutombo
75%
1998 Hawks Dikembe Mutombo
75%
1997 Hawks Dikembe Mutombo
75%
1995 Nuggets Dikembe Mutombo
75%
2011 Magic Dwight Howard
75%
2010 Magic Dwight Howard
75%
2009 Magic Dwight Howard
75%
1994 Rockets Hakeem Olajuwon
75%
1993 Rockets Hakeem Olajuwon
75%
2008 Celtics Kevin Garnett
75%
1988 Bulls Michael Jordan
75%
1991 Pistons Dennis Rodman
63%
1990 Pistons Dennis Rodman
63%
1996 Supersonics Gary Payton
63%
2014 Bulls Joakim Noah
63%
2013 Grizzlies Marc Gasol
63%
2000 Heat Alonzo Mourning
50%
1999 Heat Alonzo Mourning
50%
1992 Spurs David Robinson
50%
2004 Pacers Metta World Peace/Ron Artest
50%
2007 Nuggets Marcus Camby
38%
1989 Jazz Mark Eaton
38%
1985 Jazz Mark Eaton
38%
2012 Knicks Tyson Chandler
38%
1984 Bucks Sidney Moncrief
25%
1983 Bucks Sidney Moncrief
25%
1987 Lakers Michael Cooper
13%
1986 Spurs Alvin Robertson
0%
No matching quizzes found
Score Distribution
Percent of People with Each Score
Percentile by Number Answered
Your Score History
You have not taken this quiz since the last reset